Olimpíada Matemática Argentina : Problemas I /
Guardado en:
| Autor Principal: | |
|---|---|
| Autor Corporativo: | |
| Otros Autores: | |
| Formato: | Libro |
| Idioma: | Spanish |
| Publicado: |
Buenos Aires :
Red Olímpica,
c1993.
|
| Etiquetas: |
Agregar Etiqueta
Sin Etiquetas, Sea el primero en etiquetar este registro!
|
| LEADER | 00757nam a22001935a 4500 | ||
|---|---|---|---|
| 001 | MAT.inmabb004153 | ||
| 008 | 070213s1993####ag#a##########000#0#spa#d | ||
| 005 | 20160621120036.0 | ||
| 245 | 1 | 0 | |a Olimpíada Matemática Argentina : |b Problemas I / |c Patricia Fauring, Flora Gutierrez Giusti. |
| 260 | |a Buenos Aires : |b Red Olímpica, |c c1993. | ||
| 300 | |a 64 p. : |b il. ; |c 26 cm. | ||
| 500 | |a Recopilación de problemas semanales propuestos por la O.M.A. durante los años 1987-1989 para el entrenamiento de los participantes. | ||
| 020 | |a 9879943414 | ||
| 100 | 1 | |a Fauring, Patricia. | |
| 700 | 1 | |a Gutierrez Giusti, Flora. | |
| 710 | 2 | |a Olimpíada Matemática Argentina. | |
| 246 | 3 | |a Problemas 1 | |
| 084 | |a 00A07 |2 msc2000 | ||
| 859 | |h 00A07 |i F266-1 |p A-7205 |b BIB. MATEMATICA | ||
